000 00203nam a22000857a 4500
008 161205b xxu||||| |||| 00| 0 eng d
100 _91801
_aOlympiad
245 _aEnglish-9
260 _aNew Delhi
_b3 Genx
_c2016
999 _c4518
_d4518